Statistics for National Rail operators of the UK

Click here to take the quiz!

General Stats

  • This quiz has been taken 109 times
  • The average score is 20 of 29

Answer Stats

Operators% Correct
Northern Trains
90%
Southern
90%
Great Western Railway
89%
Southeastern
89%
ScotRail
85%
South Western Railway
85%
Greater Anglia
80%
London North Eastern Railway
80%
CrossCountry
77%
Thameslink
77%
Avanti West Coast
72%
c2c
72%
Chiltern Railways
69%
East Midlands Railway
69%
Transport for Wales Rail
69%
TransPennine Express
67%
West Midlands Trains
67%
Great Northern
62%
Merseyrail
62%
Heathrow Express
61%
Hull Trains
61%
Arriva Rail London
59%
Eurostar
57%
Caledonian Sleeper
56%
Grand Central
56%
London Northwestern Railway
56%
Gatwick Express
54%
Lumo
52%
Elizabeth Line
51%

Score Distribution

Percentile by Number Answered

Percent of People with Each Score

Your Score History

You have not taken this quiz